| Record ID | ia:firebirdtrilogy0000tyer |
| Source | Internet Archive |
| Download MARC XML | https://archive.org/download/firebirdtrilogy0000tyer/firebirdtrilogy0000tyer_marc.xml |
| Download MARC binary | https://www.archive.org/download/firebirdtrilogy0000tyer/firebirdtrilogy0000tyer_meta.mrc |
LEADER: 01159cam 2200349Ia 4500
001 ocm46612071
003 OCoLC
005 20191115033504.0
008 010328s200u mnu 000 0 eng d
040 $aXWS$beng$cXWS$dOCLCQ$dCRU$dOCLCF$dOCLCQ$dOCLCO
020 $a0739413805
020 $a9780739413807
035 $a(OCoLC)46612071
050 14 $aPS3570.Y35$bF573 2000
100 1 $aTyers, Kathy.
245 14 $aThe firebird trilogy /$c[Kathy Tyers].
250 $a[Crossings book club ed.].
260 $a[Minneapolis, Minn.] :$b[Bethany House Publishers],$c[200-?]
300 $a288, 319, 320 pages ;$c22 cm
336 $atext$btxt$2rdacontent
337 $aunmediated$bn$2rdamedia
338 $avolume$bnc$2rdacarrier
505 0 $aFirebird -- Fusion fire -- Crown of fire.
650 0 $aFantasy fiction, American.
650 0 $aChristian fiction, American.
650 7 $aChristian fiction, American.$2fast$0(OCoLC)fst00859139
650 7 $aFantasy fiction, American.$2fast$0(OCoLC)fst00920725
740 02 $aFirebird.
740 02 $aFusion fire.
740 02 $aCrown of fire.
994 $aZ0$bP4A
948 $hNO HOLDINGS IN P4A - 33 OTHER HOLDINGS